000 00428nam a2200205 4500
001 3363
005 20181127171103.0
010 0 0 _a
020 0 0 _a9789380005201
090 0 0 _aFIC M2973s
100 0 0 _a
245 0 0 _aSelected ghost stories.
_b
_c
_h
250 0 0 _a
260 0 0 _aNew Delhi :
_bMaple Press,
_c2010.
300 0 0 _a584 p.
500 0 0 _a
650 0 0 _a
_x
650 0 0 _aGhost stories.
_x
650 0 0 _aHorror tales.
_x
999 _c2723
_d2723